[Event "GBR-ch106 Senior Over 50"]
[Site "Torquay"]
[Date "2019.07.30"]
[Round "2.3"]
[White "Spanton, Tim R"]
[Black "Homer, Stephen J"]
[Result "0-1"]
[WhiteElo "1900"]
[BlackElo "2017"]
[PlyCount "64"]
[EventDate "2019.07.29"]
[EventType "swiss"]
[EventRounds "7"]
[EventCountry "GBR"]

1. e4 c5 2. c4 Nc6 3. Nc3 g6 4. Nge2 Bg7 5. d3 d6 6. g3 h5 7. Bg2 h4 8. h3 hxg3
9. fxg3 Nf6 10. Be3 Bd7 11. Qd2 Ne5 12. O-O-O b5 13. Nxb5 Bxb5 14. cxb5 a6 15.
b6 Qxb6 16. Kb1 Rb8 17. Qc2 O-O 18. Nc3 Qb4 19. Bf1 Nf3 20. Be2 Nd4 21. Bxd4
Qxd4 22. Rd2 Rb6 23. Na4 Rb4 24. Nc3 Rfb8 25. Nd1 Ne8 26. Bg4 e6 27. Rf1 Nc7
28. a3 Ra4 29. Ka2 Nb5 30. Qc1 Qb4 31. Ne3 Nxa3 32. bxa3 Qb3# 0-1

[Event "GBR-ch106 Senior Over 50"]
[Site "Torquay"]
[Date "2019.07.30"]
[Round "2.4"]
[White "Ferrie, Peter L"]
[Black "Gostelow, David W"]
[Result "0-1"]
[WhiteElo "1346"]
[BlackElo "1906"]
[PlyCount "62"]
[EventDate "2019.07.29"]
[EventType "swiss"]
[EventRounds "7"]
[EventCountry "GBR"]

1. d4 d5 2. Nf3 Nf6 3. e3 Bf5 4. c4 e6 5. Nc3 c6 6. Qb3 Qb6 7. c5 Qc7 8. h3 h6
9. Bd2 Nbd7 10. Nh4 Bh7 11. g4 Rb8 12. Qd1 b6 13. b4 bxc5 14. bxc5 Be7 15. Nf3
O-O 16. g5 hxg5 17. Nxg5 Bf5 18. e4 Nxe4 19. Ncxe4 dxe4 20. Bg2 Nf6 21. Qc1
Rbd8 22. Bc3 Nd5 23. Nxe4 Nf4 24. Qd2 Nxg2+ 25. Kf1 Bxe4 26. Rg1 Qf4 27. Qxf4
Nxf4 28. d5 Bd3+ 29. Ke1 Bg6 30. d6 Bxd6 31. cxd6 Rxd6 0-1

[Event "GBR-ch106 Senior Over 50"]
[Site "Torquay"]
[Date "2019.07.30"]
[Round "2.5"]
[White "Kirby, Peter J"]
[Black "Chapman, Terry PD"]
[Result "0-1"]
[WhiteElo "1988"]
[BlackElo "2246"]
[PlyCount "68"]
[EventDate "2019.07.29"]
[EventType "swiss"]
[EventRounds "7"]
[EventCountry "GBR"]

1. Nf3 Nf6 2. c4 g6 3. Nc3 Bg7 4. e4 d6 5. d4 O-O 6. Be2 e5 7. d5 Na6 8. Bg5
Qe8 9. Nd2 Bd7 10. Be3 c6 11. O-O c5 12. a3 b6 13. Rb1 Qe7 14. b4 Kh8 15. Na4
Qe8 16. Nc3 Ng8 17. b5 Nc7 18. a4 f5 19. f3 f4 20. Bf2 g5 21. a5 Qg6 22. g4
fxg3 23. Bxg3 Nf6 24. Ra1 Nh5 25. Nb3 Nf4 26. Qd2 Bh3 27. Rfc1 g4 28. fxg4 Bh6
29. Qd1 Nxe2+ 30. Qxe2 Bxg4 31. Qe1 Bxc1 32. Rxc1 h5 33. Nd2 Bh3 34. Qe2 h4 0-1

[Event "GBR-ch106 Senior Over 50"]
[Site "Torquay"]
[Date "2019.07.30"]
[Round "2.6"]
[White "Townsend, M Paul"]
[Black "Simons, Martin J"]
[Result "1/2-1/2"]
[WhiteElo "2233"]
[BlackElo "1950"]
[PlyCount "55"]
[EventDate "2019.07.29"]
[EventType "swiss"]
[EventRounds "7"]
[EventCountry "GBR"]

1. d4 c5 2. d5 Nf6 3. c4 b5 4. cxb5 a6 5. bxa6 g6 6. Nc3 Bxa6 7. Nf3 Bg7 8. g3
d6 9. Bg2 O-O 10. O-O Nbd7 11. Rb1 Nb6 12. b3 Bb7 13. e4 Ba6 14. Re1 Ng4 15.
Bb2 Nd7 16. a4 Qb6 17. h3 Nge5 18. Nxe5 Nxe5 19. Bf1 c4 20. bxc4 Bxc4 21. Nb5
Bxf1 22. Kxf1 Rfc8 23. Bd4 Qa5 24. Ra1 Rc4 25. Re3 Rxa4 26. Qxa4 Qxa4 27. Rxa4
Rxa4 28. Bxe5 1/2-1/2

[Event "GBR-ch106 Senior Over 50"]
[Site "Torquay"]
[Date "2019.07.30"]
[Round "2.7"]
[White "Nunn, Petra"]
[Black "Granat, Russell G"]
[Result "0-1"]
[WhiteElo "1998"]
[BlackElo "2219"]
[PlyCount "80"]
[EventDate "2019.07.29"]
[EventType "swiss"]
[EventRounds "7"]
[EventCountry "GBR"]

1. e4 Nc6 2. d4 e5 3. dxe5 Nxe5 4. Nf3 Qf6 5. Nc3 Bb4 6. Bd2 Nxf3+ 7. gxf3 Ne7
8. Qe2 O-O 9. O-O-O Re8 10. a3 Ba5 11. Qd3 a6 12. Rg1 h6 13. f4 d5 14. e5 Qf5
15. Qg3 g6 16. Qh4 d4 17. Ne2 Bxd2+ 18. Rxd2 c5 19. Qxh6 Qe6 20. Ng3 Qa2 21.
Rd3 Bg4 22. f3 Nf5 23. Qg5 Ne3 24. Kd2 Qb1 25. Rxe3 dxe3+ 26. Kxe3 Qe1+ 27. Ne2
Rad8 28. Qxg4 Rd5 29. Qg3 Qd2+ 30. Kf2 Qxc2 31. h4 Re6 32. h5 Rd2 33. f5 Qxf5
34. Bh3 Qxe5 35. Qxe5 Rxe5 36. Rc1 Rxh5 37. Bc8 Rxb2 38. f4 Rd5 39. Ke3 Rd8 40.
Bg4 Re8+ 0-1

[Event "GBR-ch106 Senior Over 50"]
[Site "Torquay"]
[Date "2019.07.30"]
[Round "2.8"]
[White "McMahon, Paul"]
[Black "Brooks, Phil J"]
[Result "0-1"]
[WhiteElo "1931"]
[BlackElo "2193"]
[PlyCount "86"]
[EventDate "2019.07.29"]
[EventType "swiss"]
[EventRounds "7"]
[EventCountry "GBR"]

1. e4 e6 2. d4 d5 3. exd5 exd5 4. Nf3 Bd6 5. Bd3 Nc6 6. c3 Nge7 7. O-O Bg4 8.
Re1 Qd7 9. Nbd2 O-O 10. Nf1 Bf5 11. Bxf5 Nxf5 12. Qd3 Rfe8 13. Bd2 a6 14. Ne3
Nxe3 15. Rxe3 Rxe3 16. Qxe3 Re8 17. Qd3 f6 18. Re1 Rxe1+ 19. Nxe1 Qe6 20. Nc2
Ne7 21. Qf3 b5 22. g3 Qe4 23. Qxe4 dxe4 24. f3 f5 25. Kf2 exf3 26. Kxf3 Kf7 27.
Bf4 Nd5 28. Bxd6 cxd6 29. Ne3 Nxe3 30. Kxe3 Kf6 31. b3 g5 32. c4 bxc4 33. bxc4
Ke6 34. h4 h6 35. h5 Kf6 36. c5 Ke6 37. cxd6 Kxd6 38. Kd2 Kd5 39. Kd3 a5 40. a4
f4 41. g4 f3 42. Ke3 f2 43. Kxf2 Kxd4 0-1

[Event "GBR-ch106 Senior Over 50"]
[Site "Torquay"]
[Date "2019.07.30"]
[Round "2.9"]
[White "Hansen, Hans-Peter"]
[Black "Norinkeviciute, Rasa"]
[Result "1/2-1/2"]
[WhiteElo "2170"]
[BlackElo "1996"]
[PlyCount "67"]
[EventDate "2019.07.29"]
[EventType "swiss"]
[EventRounds "7"]
[EventCountry "GBR"]

1. Nf3 Nf6 2. c4 e6 3. g3 b6 4. Bg2 Bb7 5. O-O Be7 6. Nc3 O-O 7. Re1 d6 8. e4
c5 9. d4 cxd4 10. Nxd4 Qc8 11. Be3 Nc6 12. Ndb5 Rd8 13. Rc1 Ne5 14. Qe2 Ned7
15. f4 a6 16. Nd4 Qc7 17. g4 Nf8 18. g5 N6d7 19. b3 Rdc8 20. Qf2 Rab8 21. h4
Qd8 22. Rf1 Qe8 23. Qg3 Kh8 24. h5 Ba8 25. Bf3 Nc5 26. f5 b5 27. cxb5 axb5 28.
f6 gxf6 29. gxf6 Bxf6 30. Rc2 Nfd7 31. Rg2 Qe7 32. Ncxb5 Nxe4 33. Bxe4 Bxe4 34.
Nxd6 1/2-1/2

[Event "GBR-ch106 Senior Over 50"]
[Site "Torquay"]
[Date "2019.07.30"]
[Round "2.10"]
[White "Clark, Ian C"]
[Black "Jackson, Oliver A"]
[Result "1/2-1/2"]
[WhiteElo "1965"]
[BlackElo "2151"]
[PlyCount "62"]
[EventDate "2019.07.29"]
[EventType "swiss"]
[EventRounds "7"]
[EventCountry "GBR"]

1. e4 c5 2. Nf3 e6 3. Nc3 a6 4. d4 cxd4 5. Nxd4 Qc7 6. Be2 Nf6 7. a3 Nc6 8.
Nxc6 dxc6 9. O-O h5 10. f4 e5 11. Kh1 Bc5 12. f5 Bd7 13. Bg5 O-O-O 14. Qe1 Rdg8
15. Bc4 Be8 16. Rd1 Bd4 17. Rf3 Ng4 18. Ne2 b5 19. Ba2 f6 20. Bxg8 fxg5 21.
Be6+ Kb7 22. Nxd4 exd4 23. Qg1 c5 24. Bd5+ Bc6 25. c3 Rd8 26. Bxc6+ Qxc6 27.
cxd4 Qd6 28. d5 Qe5 29. Re1 Rc8 30. Re2 a5 31. h3 c4 1/2-1/2

[Event "GBR-ch106 Senior Over 50"]
[Site "Torquay"]
[Date "2019.07.30"]
[Round "2.11"]
[White "Rowan, Paul"]
[Black "Headlong, Timothy"]
[Result "0-1"]
[WhiteElo "1873"]
[BlackElo "2109"]
[PlyCount "94"]
[EventDate "2019.07.29"]
[EventType "swiss"]
[EventRounds "7"]
[EventCountry "GBR"]

1. e4 c5 2. Nf3 g6 3. c4 Nc6 4. d4 cxd4 5. Nxd4 Bg7 6. Be3 Nf6 7. Nc3 d6 8. Be2
O-O 9. O-O Bd7 10. f4 Nxd4 11. Bxd4 Bc6 12. Qd3 a5 13. f5 Nd7 14. Bxg7 Kxg7 15.
Qg3 Qb6+ 16. Kh1 Qc5 17. Nd5 Bxd5 18. exd5 Ne5 19. Rf4 f6 20. h4 Rg8 21. fxg6
hxg6 22. Re1 Rh8 23. Bg4 Rh6 24. Bh3 Rah8 25. Ree4 Qb4 26. Qb3 Qxb3 27. axb3 b6
28. Kg1 Ra8 29. Rf1 Rhh8 30. Bd7 f5 31. Bxf5 gxf5 32. Rxf5 Raf8 33. Rg5+ Kh6
34. Rgxe5 dxe5 35. Rxe5 Rh7 36. g4 Rg7 37. Rh5+ Kg6 38. Kg2 Rgf7 39. Rg5+ Kh7
40. Rh5+ Kg8 41. Re5 Rf2+ 42. Kg1 Rf1+ 43. Kg2 R8f2+ 44. Kg3 Rf3+ 45. Kg2 R1f2+
46. Kg1 Rxb2 47. Rxe7 Rd3 0-1

[Event "GBR-ch106 Senior Over 50"]
[Site "Torquay"]
[Date "2019.07.30"]
[Round "2.12"]
[White "Mason, Donald J"]
[Black "Shaw, Meyrick"]
[Result "1-0"]
[WhiteElo "2079"]
[BlackElo "1869"]
[PlyCount "61"]
[EventDate "2019.07.29"]
[EventType "swiss"]
[EventRounds "7"]
[EventCountry "GBR"]

1. e4 c5 2. Nc3 d6 3. f4 e6 4. Nf3 g6 5. Bb5+ Nc6 6. Bxc6+ bxc6 7. d3 d5 8. e5
Ba6 9. O-O Ne7 10. Qe1 Nf5 11. g4 Nd4 12. Nxd4 cxd4 13. Ne2 Qb6 14. f5 c5 15.
fxe6 Qxe6 16. Qg3 Be7 17. Bh6 Rg8 18. Nf4 Qd7 19. e6 fxe6 20. Nxe6 Qxe6 21.
Rae1 Qd7 22. Rxe7+ Qxe7 23. Re1 Qxe1+ 24. Qxe1+ Kd7 25. Qa5 Bb7 26. Bf4 Rgc8
27. Qb5+ Bc6 28. Qxc5 Bb7 29. Qd6+ Ke8 30. Qe6+ Kd8 31. Bd6 1-0

[Event "GBR-ch106 Senior Over 50"]
[Site "Torquay"]
[Date "2019.07.30"]
[Round "2.13"]
[White "Mashayekh, Majid"]
[Black "Jackson, Sheila"]
[Result "1/2-1/2"]
[WhiteElo "1909"]
[BlackElo "2063"]
[PlyCount "56"]
[EventDate "2019.07.29"]
[EventType "swiss"]
[EventRounds "7"]
[EventCountry "GBR"]

1. d4 Nf6 2. Nf3 e6 3. c4 c5 4. e3 d5 5. Nc3 Nc6 6. a3 a5 7. cxd5 exd5 8. Be2
Be7 9. O-O O-O 10. Ne5 Be6 11. f4 cxd4 12. exd4 Qb6 13. Be3 Nxe5 14. fxe5 Nd7
15. Qd2 Rfd8 16. Rac1 Rac8 17. Na4 Qb3 18. Bd1 Qb5 19. Nc3 Qb6 20. Na4 Qa7 21.
Be2 f6 22. Bb5 b6 23. Rxc8 Rxc8 24. exf6 Nxf6 25. Nc3 Qc7 26. Bf4 Bd6 27. Qe3
Bf7 28. h3 Bxf4 1/2-1/2

[Event "GBR-ch106 Senior Over 50"]
[Site "Torquay"]
[Date "2019.07.30"]
[Round "2.14"]
[White "Clancy, Martin J"]
[Black "Orgler, Philipp"]
[Result "0-1"]
[WhiteElo "1802"]
[BlackElo "2035"]
[PlyCount "66"]
[EventDate "2019.07.29"]
[EventType "swiss"]
[EventRounds "7"]
[EventCountry "GBR"]

1. e4 e6 2. d4 d5 3. Nd2 Nc6 4. Ngf3 Nf6 5. e5 Nd7 6. Bb5 a6 7. Ba4 b5 8. Bb3
Na5 9. c3 Nxb3 10. Nxb3 c5 11. O-O c4 12. Nbd2 Be7 13. Re1 a5 14. a3 Bb7 15.
Nf1 Nf8 16. Ng3 h5 17. Be3 g6 18. b3 cxb3 19. Qxb3 Bc6 20. Qc2 Nd7 21. Ne2 Nb6
22. Nd2 Rc8 23. Nf4 Qc7 24. Nxe6 fxe6 25. Qxg6+ Kd7 26. f4 Rcg8 27. Qf7 Rf8 28.
Qg7 Kc8 29. f5 Rhg8 30. Qh6 exf5 31. Bf4 Rg4 32. g3 Rfg8 33. Qxh5 Rxf4 0-1

[Event "GBR-ch106 Senior Over 50"]
[Site "Torquay"]
[Date "2019.07.30"]
[Round "2.15"]
[White "Lowe, Chris"]
[Black "Gibbs, Daniel C"]
[Result "1/2-1/2"]
[WhiteElo "2027"]
[BlackElo "1812"]
[PlyCount "38"]
[EventDate "2019.07.29"]
[EventType "swiss"]
[EventRounds "7"]
[EventCountry "GBR"]

1. e4 d6 2. d4 Nf6 3. Nc3 e5 4. Nf3 exd4 5. Nxd4 Be7 6. Bc4 O-O 7. O-O Re8 8.
Re1 Nbd7 9. Nf5 Ne5 10. Be2 Bxf5 11. exf5 Qd7 12. f4 Nc6 13. g4 h6 14. Bf3 Nh7
15. Ne4 Bh4 16. Re2 Re7 17. c3 Na5 18. Qf1 d5 19. Nc5 Qb5 1/2-1/2

[Event "GBR-ch106 Senior Over 50"]
[Site "Torquay"]
[Date "2019.07.30"]
[Round "2.16"]
[White "Smith, Graham"]
[Black "Kennedy, Craig"]
[Result "1/2-1/2"]
[WhiteElo "2010"]
[BlackElo "1883"]
[PlyCount "87"]
[EventDate "2019.07.29"]
[EventType "swiss"]
[EventRounds "7"]
[EventCountry "GBR"]

1. e4 g6 2. d4 Bg7 3. c4 Nc6 4. Nf3 e5 5. Bg5 f6 6. Be3 Nh6 7. d5 Ne7 8. Nc3 d6
9. h3 f5 10. g3 O-O 11. Bg2 fxe4 12. Nxe4 Nhf5 13. Bd2 c6 14. O-O cxd5 15. cxd5
Qb6 16. Bc3 Nd4 17. Bxd4 exd4 18. Qe2 Bd7 19. a4 Rae8 20. Qc4 h6 21. a5 Qb5 22.
Qa2 Qxd5 23. Nxd6 Qxa2 24. Rxa2 Rb8 25. Re1 Nc6 26. Ra3 b6 27. a6 Nb4 28. Rd1
d3 29. Rb3 Ba4 30. Rdxd3 Nxd3 31. Rxd3 Bxb2 32. Nh4 Kg7 33. Re3 Bf6 34. Nf3
Rbd8 35. Nc4 Bb5 36. Nfe5 Rd4 37. Nxb6 Rd1+ 38. Kh2 Bxa6 39. Nbd7 Rd8 40. Nxf6
Kxf6 41. Ng4+ Kf7 42. Nxh6+ Kg7 43. Ng4 R1d2 44. Ra3 1/2-1/2

[Event "GBR-ch106 Senior Over 50"]
[Site "Torquay"]
[Date "2019.07.30"]
[Round "2.17"]
[White "McCarron, Peter DJ"]
[Black "Freeman, Richard CP"]
[Result "0-1"]
[WhiteElo "1720"]
[BlackElo "2005"]
[PlyCount "78"]
[EventDate "2019.07.29"]
[EventType "swiss"]
[EventRounds "7"]
[EventCountry "GBR"]

1. d4 g6 2. Nf3 Bg7 3. c4 d6 4. Nc3 Bg4 5. g3 Bxf3 6. exf3 Nc6 7. Be3 Nf6 8.
Bg2 O-O 9. O-O e5 10. dxe5 Nxe5 11. Qb3 Qc8 12. f4 Nc6 13. Rad1 Nd8 14. Rfe1
Re8 15. Qc2 a6 16. b4 Rb8 17. a4 b6 18. Bc1 Nb7 19. Bb2 a5 20. Bc6 Rxe1+ 21.
Rxe1 Nd8 22. b5 Nxc6 23. bxc6 Qf8 24. Nb5 Re8 25. Re2 Re7 26. Kf1 Qe8 27. Bxf6
Rxe2 28. Qxe2 Qxc6 29. Qe7 Qxc4+ 30. Kg1 Bxf6 31. Qxf6 Qxa4 32. Nxc7 h5 33.
Qd8+ Kh7 34. Qf8 Qa1+ 35. Kg2 Qg7 36. Qxd6 h4 37. Qxb6 Qh6 38. Qxa5 h3+ 39. Kf3
f5 0-1

[Event "GBR-ch106 Senior Over 50"]
[Site "Torquay"]
[Date "2019.07.30"]
[Round "2.18"]
[White "Wheeler, James M"]
[Black "Dilleigh, Stephen P"]
[Result "1/2-1/2"]
[WhiteElo "1870"]
[BlackElo "2000"]
[PlyCount "29"]
[EventDate "2019.07.29"]
[EventType "swiss"]
[EventRounds "7"]
[EventCountry "GBR"]

1. d4 d5 2. Nc3 Nf6 3. Bg5 Nbd7 4. e3 g6 5. f4 Bg7 6. Nf3 O-O 7. Be2 c6 8. Ne5
Ne8 9. Nxd7 Qxd7 10. O-O Nd6 11. Bd3 Nf5 12. Bxf5 Qxf5 13. Qd2 Qd7 14. Rad1 h6
15. Bh4 1/2-1/2

[Event "GBR-ch106 Senior Over 50"]
[Site "Torquay"]
[Date "2019.07.30"]
[Round "2.19"]
[White "Goater, Kevin P"]
[Black "Webster, Richard J"]
[Result "1-0"]
[WhiteElo "2089"]
[BlackElo "1967"]
[PlyCount "33"]
[EventDate "2019.07.29"]
[EventType "swiss"]
[EventRounds "7"]
[EventCountry "GBR"]

1. d4 d5 2. Nc3 Nf6 3. Bf4 Bf5 4. f3 h6 5. g4 Bh7 6. e3 c6 7. Bd3 Bxd3 8. Qxd3
e6 9. Nge2 Na6 10. a3 Bd6 11. b4 Bxf4 12. Nxf4 b5 13. Nxb5 Nxb4 14. axb4 cxb5
15. Qxb5+ Nd7 16. O-O O-O 17. Ra6 1-0

[Event "GBR-ch106 Senior Over 50"]
[Site "Torquay"]
[Date "2019.07.30"]
[Round "2.20"]
[White "Wells, Jonathan C"]
[Black "O'Neill, Paul A"]
[Result "1/2-1/2"]
[WhiteElo "2004"]
[BlackElo "2086"]
[PlyCount "32"]
[EventDate "2019.07.29"]
[EventType "swiss"]
[EventRounds "7"]
[EventCountry "GBR"]

1. d4 Nf6 2. c4 e6 3. g3 d5 4. Nf3 Be7 5. Bg2 O-O 6. O-O dxc4 7. Qc2 a6 8. a4
Bd7 9. Qxc4 Bc6 10. Bf4 Bd6 11. Bxd6 Qxd6 12. Nc3 a5 13. Ne5 Bxg2 14. Kxg2 c6
15. Rfd1 Na6 16. Rac1 Rfd8 1/2-1/2

[Event "GBR-ch106 Senior Over 50"]
[Site "Torquay"]
[Date "2019.07.30"]
[Round "2.21"]
[White "Brusey, Alan W"]
[Black "Gibbs, Dominic V"]
[Result "1/2-1/2"]
[WhiteElo "2054"]
[BlackElo "1918"]
[PlyCount "140"]
[EventDate "2019.07.29"]
[EventType "swiss"]
[EventRounds "7"]
[EventCountry "GBR"]

1. e4 e6 2. d4 d5 3. e5 c5 4. c3 Nc6 5. Nf3 Bd7 6. Be2 Nge7 7. O-O Rc8 8. Be3
Nf5 9. Qd2 cxd4 10. cxd4 Be7 11. Nc3 O-O 12. Bd3 Nxe3 13. fxe3 f5 14. exf6 Rxf6
15. Rad1 Rh6 16. e4 Qb6 17. Bb1 dxe4 18. Bxe4 Bf6 19. Kh1 Ne7 20. g4 Qa5 21. g5
Bxg5 22. Nxg5 Nf5 23. Bxf5 exf5 24. d5 Qb4 25. Nf3 Rd8 26. Rg1 f4 27. Qd4 Qf8
28. Qxa7 b6 29. Qc7 Bc8 30. Rd4 Rhd6 31. Rxf4 Rf6 32. Rxf6 Qxf6 33. Rxg7+ Kf8
34. Qg3 Qxg7 35. Qf4+ Kg8 36. Ne4 Rf8 37. Qe3 Bh3 38. Neg5 Bg4 39. Ne5 Bc8 40.
h4 h6 41. Ngf3 Bh3 42. Qg1 Qxg1+ 43. Kxg1 Kg7 44. Kh2 Bc8 45. Kg3 Kf6 46. Kf4
Ke7+ 47. Ke4 Kd6 48. b4 Bb7 49. Nc4+ Kc7 50. Nfe5 b5 51. Na5 Bc8 52. Nac6 Kb6
53. Ne7 Bh3 54. N7g6 Ra8 55. Nf4 Bc8 56. d6 Rxa2 57. d7 Bxd7 58. Nxd7+ Kc7 59.
Nc5 Rh2 60. h5 Kd6 61. Nce6 Rb2 62. Ng7 Rxb4+ 63. Kf3 Rb1 64. Nf5+ Ke5 65. Ne3
b4 66. Ng4+ Kf5 67. Nxh6+ Kg5 68. Nf7+ Kf6 69. Nd6 Rh1 70. Ne4+ Kg7 1/2-1/2

[Event "GBR-ch106 Senior Over 50"]
[Site "Torquay"]
[Date "2019.07.31"]
[Round "3.1"]
[White "Homer, Stephen J"]
[Black "Josse, Mark"]
[Result "0-1"]
[WhiteElo "2017"]
[BlackElo "2209"]
[PlyCount "60"]
[EventDate "2019.07.29"]
[EventType "swiss"]
[EventRounds "7"]
[EventCountry "GBR"]

1. e4 c5 2. Nf3 e6 3. d4 cxd4 4. Nxd4 a6 5. Bd3 Qc7 6. O-O Nf6 7. Qe2 d6 8. c4
b6 9. Nc3 Be7 10. f4 Nbd7 11. Kh1 Bb7 12. Bd2 g6 13. Rae1 e5 14. Nd5 Nxd5 15.
exd5 O-O 16. f5 Bf6 17. fxg6 hxg6 18. Ne6 fxe6 19. Qg4 Nc5 20. Bxg6 exd5 21.
Rf3 Bg7 22. Rg3 Rf6 23. Qh5 Ne4 24. Qh7+ Kf8 25. Bxe4 dxe4 26. Bg5 Rf7 27. Bh6
Bxh6 28. Qxh6+ Ke7 29. Rg6 Qxc4 30. Rxd6 Qf1+ 0-1

[Event "GBR-ch106 Senior Over 50"]
[Site "Torquay"]
[Date "2019.07.31"]
[Round "3.2"]
[White "Gostelow, David W"]
[Black "Chapman, Terry PD"]
[Result "0-1"]
[WhiteElo "1906"]
[BlackElo "2246"]
[PlyCount "118"]
[EventDate "2019.07.29"]
[EventType "swiss"]
[EventRounds "7"]
[EventCountry "GBR"]

1. d4 Nf6 2. Bf4 g6 3. Nc3 d5 4. Nf3 Bg7 5. e3 O-O 6. Be2 c5 7. Ne5 Nc6 8. O-O
Ne8 9. Qd2 Nxe5 10. Bxe5 Bxe5 11. dxe5 Nc7 12. Rad1 e6 13. Ne4 Qe7 14. Nf6+ Kg7
15. e4 Ne8 16. Qg5 Nxf6 17. exf6+ Qxf6 18. Qxf6+ Kxf6 19. exd5 Rd8 20. dxe6
Bxe6 21. b3 Rac8 22. c4 b6 23. Bf3 a5 24. Rfe1 a4 25. Kf1 axb3 26. axb3 Bf5 27.
Rd5 Bd3+ 28. Kg1 Bc2 29. Re3 Ra8 30. Rxd8 Rxd8 31. Bd5 Rd7 32. Kf1 h5 33. Ke2
Re7 34. Rxe7 Kxe7 35. Bc6 Bxb3 36. Kd3 g5 37. h4 gxh4 38. Bf3 Ba2 39. Bxh5 Kf6
40. Be2 Bb1+ 41. Ke3 Ke5 42. Bf1 Bg6 43. Be2 Bf5 44. Bf1 Be6 45. Bd3 Bd7 46.
Bf1 Bc6 47. g3 hxg3 48. fxg3 Kf5 49. Be2 Kg5 50. Kf2 Bd7 51. Bd3 Be6 52. Be2
Kf5 53. Ke3 Ke5 54. Bf1 Kd6 55. Kf4 f6 56. g4 Bd7 57. g5 fxg5+ 58. Kxg5 Ke5 59.
Be2 Be6 0-1

[Event "GBR-ch106 Senior Over 50"]
[Site "Torquay"]
[Date "2019.07.31"]
[Round "3.3"]
[White "Granat, Russell G"]
[Black "Mason, Donald J"]
[Result "1-0"]
[WhiteElo "2219"]
[BlackElo "2079"]
[PlyCount "61"]
[EventDate "2019.07.29"]
[EventType "swiss"]
[EventRounds "7"]
[EventCountry "GBR"]

1. e4 e5 2. Nf3 Nc6 3. Bb5 a6 4. Ba4 Nf6 5. O-O Be7 6. Qe2 b5 7. Bb3 O-O 8. c3
d5 9. d3 Bb7 10. Bg5 dxe4 11. dxe4 Nd7 12. Be3 Na5 13. Bc2 Nc4 14. Bc1 Bc5 15.
Nbd2 Nxd2 16. Bxd2 Qe7 17. b4 Bd6 18. a4 c6 19. Rfd1 Nb6 20. Bb3 bxa4 21. Ba2
c5 22. Bg5 Qc7 23. Nh4 Bc8 24. bxc5 Bxc5 25. Nf5 Be6 26. Rd3 Bxa2 27. Bf6 Rfb8
28. Bxg7 Be6 29. Rg3 Bxf5 30. Bxe5+ Bg6 31. Bxc7 1-0

[Event "GBR-ch106 Senior Over 50"]
[Site "Torquay"]
[Date "2019.07.31"]
[Round "3.4"]
[White "Brooks, Phil J"]
[Black "Orgler, Philipp"]
[Result "1-0"]
[WhiteElo "2193"]
[BlackElo "2035"]
[PlyCount "59"]
[EventDate "2019.07.29"]
[EventType "swiss"]
[EventRounds "7"]
[EventCountry "GBR"]

1. d4 d5 2. c4 e6 3. Nc3 c5 4. cxd5 exd5 5. Nf3 Nc6 6. dxc5 d4 7. Na4 Bxc5 8.
Nxc5 Qa5+ 9. Qd2 Qxc5 10. a3 Nge7 11. b4 Qb6 12. Bb2 O-O 13. Bxd4 Nxd4 14. Qxd4
Nc6 15. Qb2 a5 16. b5 a4 17. e3 Na5 18. Nd2 Be6 19. Be2 Nb3 20. Rd1 Rfc8 21.
O-O Rc7 22. Ne4 Rac8 23. Rd6 Qa5 24. Qe5 Bc4 25. Rfd1 h6 26. Rd8+ Rxd8 27.
Rxd8+ Kh7 28. Qf5+ g6 29. Nf6+ Kg7 30. Rg8# 1-0

[Event "GBR-ch106 Senior Over 50"]
[Site "Torquay"]
[Date "2019.07.31"]
[Round "3.5"]
[White "Freeman, Richard CP"]
[Black "Willmoth, Robert F"]
[Result "1-0"]
[WhiteElo "2005"]
[BlackElo "2138"]
[PlyCount "109"]
[EventDate "2019.07.29"]
[EventType "swiss"]
[EventRounds "7"]
[EventCountry "GBR"]

1. d4 d6 2. Nf3 Bg4 3. e3 Nf6 4. Be2 Nbd7 5. O-O e5 6. c4 c6 7. Nc3 Be7 8. b3
O-O 9. Bb2 e4 10. Nd2 Bxe2 11. Qxe2 d5 12. f3 Bd6 13. fxe4 Nxe4 14. Ncxe4 dxe4
15. Nxe4 Bxh2+ 16. Kxh2 Qh4+ 17. Kg1 Qxe4 18. Rf4 Qe6 19. e4 Rae8 20. Re1 b6
21. Qf3 f6 22. Rh4 h6 23. Bc1 c5 24. Bxh6 gxh6 25. Rxh6 Rf7 26. Qh5 Kf8 27. e5
fxe5 28. Rxe6 Rxe6 29. dxe5 Ke7 30. Qg5+ Ke8 31. Qg8+ Nf8 32. Rf1 Rxf1+ 33.
Kxf1 Rxe5 34. Qg3 Re7 35. Qd6 Ne6 36. g4 Kf8 37. Kg2 Ng5 38. Qf6+ Nf7 39. Kf3
Re1 40. Qc3 Re6 41. Kf4 Ke7 42. Qg7 Rf6+ 43. Kg3 Rf1 44. Qg6 Rf3+ 45. Kg2 Rf4
46. Qh5 Kf8 47. Kg3 Re4 48. Qd5 Re7 49. Kf4 Kg7 50. g5 Re2 51. g6 Nh6 52. Qd7+
Kf6 53. Qh7 Rh2 54. g7 Rh4+ 55. Kf3 1-0

[Event "GBR-ch106 Senior Over 50"]
[Site "Torquay"]
[Date "2019.07.31"]
[Round "3.6"]
[White "Headlong, Timothy"]
[Black "Wilson, Edgar"]
[Result "1/2-1/2"]
[WhiteElo "2109"]
[BlackElo "1755"]
[PlyCount "29"]
[EventDate "2019.07.29"]
[EventType "swiss"]
[EventRounds "7"]
[EventCountry "GBR"]

1. Nf3 d5 2. c4 e6 3. g3 Nf6 4. Bg2 Be7 5. O-O O-O 6. d4 Nbd7 7. Qc2 b6 8. cxd5
Nxd5 9. a3 Bb7 10. Rd1 c5 11. dxc5 Qc8 12. b4 bxc5 13. Bb2 Bf6 14. Bxf6 N5xf6
15. Nbd2 1/2-1/2

[Event "GBR-ch106 Senior Over 50"]
[Site "Torquay"]
[Date "2019.07.31"]
[Round "3.7"]
[White "Kennedy, Craig"]
[Black "Townsend, M Paul"]
[Result "0-1"]
[WhiteElo "1883"]
[BlackElo "2233"]
[PlyCount "84"]
[EventDate "2019.07.29"]
[EventType "swiss"]
[EventRounds "7"]
[EventCountry "GBR"]

1. e4 g6 2. f4 Bg7 3. Nf3 d5 4. e5 c5 5. Be2 Nc6 6. c3 Nh6 7. Na3 O-O 8. O-O d4
9. d3 f6 10. cxd4 Nxd4 11. Nc4 Nhf5 12. exf6 exf6 13. Nxd4 Nxd4 14. Be3 Bf5 15.
Bg4 Bxd3 16. Qxd3 Nf3+ 17. Bxf3 Qxd3 18. Rad1 Qxc4 19. Bd5+ Qxd5 20. Rxd5 b6
21. Rfd1 f5 22. b3 Bf6 23. Rd7 Rad8 24. Kf2 Rxd7 25. Rxd7 Rf7 26. Rd5 Re7 27.
h3 h5 28. Kf3 Kf7 29. Rd3 Rc7 30. g4 Ke6 31. g5 Be7 32. Bd2 Rd7 33. Re3+ Kf7
34. Bc3 Rd1 35. Ke2 Rh1 36. a4 Bd6 37. Rf3 Rh2+ 38. Kd3 Ke6 39. Kc4 a6 40. Re3+
Kd7 41. Rf3 Kc6 42. Bf6 Re2 0-1

[Event "GBR-ch106 Senior Over 50"]
[Site "Torquay"]
[Date "2019.07.31"]
[Round "3.8"]
[White "Fallowfield, Nicholas"]
[Black "Hansen, Hans-Peter"]
[Result "1/2-1/2"]
[WhiteElo "1872"]
[BlackElo "2170"]
[PlyCount "44"]
[EventDate "2019.07.29"]
[EventType "swiss"]
[EventRounds "7"]
[EventCountry "GBR"]

1. Nf3 c5 2. c4 Nc6 3. d4 cxd4 4. Nxd4 g6 5. e4 Bg7 6. Be3 d6 7. Nc3 Nf6 8. Be2
O-O 9. O-O Bd7 10. Nc2 a6 11. f3 Rc8 12. Qd2 Qa5 13. Rac1 Rfe8 14. Rfd1 Ne5 15.
Na3 Kf8 16. Bf1 Bc6 17. Qf2 Ned7 18. Nc2 Qd8 19. Nd4 Kg8 20. Nxc6 Rxc6 21. Nd5
a5 22. c5 dxc5 1/2-1/2

[Event "GBR-ch106 Senior Over 50"]
[Site "Torquay"]
[Date "2019.07.31"]
[Round "3.9"]
[White "Jackson, Oliver A"]
[Black "Mashayekh, Majid"]
[Result "1-0"]
[WhiteElo "2151"]
[BlackElo "1909"]
[PlyCount "49"]
[EventDate "2019.07.29"]
[EventType "swiss"]
[EventRounds "7"]
[EventCountry "GBR"]

1. e4 c6 2. d4 d5 3. Nc3 dxe4 4. Nxe4 Nf6 5. Nxf6+ exf6 6. Be3 Bd6 7. Bd3 f5 8.
Ne2 Qc7 9. Qd2 Be6 10. c4 O-O 11. h3 Re8 12. O-O-O b5 13. c5 Bf8 14. Kb1 Nd7
15. g4 fxg4 16. hxg4 g6 17. Rh4 Bd5 18. Rh3 Bg7 19. Bh6 Bh8 20. f3 Re7 21. Bf4
Qb7 22. Bd6 Nf8 23. Nc3 Kg7 24. Nxd5 cxd5 25. c6 1-0